00323nam a22001217a 4500008004100000020001500041082001600056100002100072245005200093260002800145300000900173700001900182230619b xxu||||| |||| 00| 0 eng d a017711116X a301.11bBIR cArnold Birenbaum aPeople in PlacesbThe Sociology of the familiar bpraeger publishers, Inc a301p cEdward Sagarin